| 000 | 01176nam a2200205 a 4500 | ||
|---|---|---|---|
| 001 | 45363 | ||
| 005 | 20180714024529.0 | ||
| 008 | 140415s1999 ag 000 0 spa d | ||
| 020 | _a9501221393 | ||
| 041 | _aspa | ||
| 082 |
_a300.018 _bMAN |
||
| 100 | 1 | _aMARCUSO, HUGO R. | |
| 245 | 1 | 0 |
_aMETODOLOGIA DE LA INVESTIGACION EN CIENCIAS SOCIALES : _bLINEAMIENTOS TEORICOS Y PRACTICOS DE SEMIOEPISTEMOLOGIA |
| 250 | _a1a ed. | ||
| 260 |
_aARGENTINA : _bPAIDOS SAICF, _c1999 |
||
| 300 |
_a237 _c15.4 x 1.6 x 22.3 |
||
| 490 | _aCUADERNOS DE JOAQUIN MORTIZ | ||
| 520 | _aESTE LIBRO CONSTITUYE UNA INTRODUCCIÓN A COMPLEJOS PROBLEMAS TEÓRICOS PROPIOS DE LAS CIENCIAS SOCIALES AL TIEMPO QUE POSTULA COMO UN EXHAUSTO MANUAL PARA EL DESARROLLO DE INVESTIGACIONES EN EL CAMPO DE LA CULTURA. DOBLE OBJETIVO QUE NOS NACE SOLAMENTE DE UNA NECESIDAD PRÁCTICA, SINO DE LA CONVICCIÓN DE QUE TODO ESBOZO METACRÍTICO DE LA CIENCIA IMPLICA NECESARIAMENTE UN DETERMINADO TIPO DE PRAXIS METODOLÓGICA. ESTE TEXTO SE PROPONE COMO UN TRATADO METODOLÓGICO, EN EL QUE SE DETALLA ESPE | ||
| 650 | 1 | 4 |
_aCIENCIAS SOCIALES _xINVESTIGACION _xCIENCIAS SOCIALES _xMETODOLOGIA _xMETODOLOGIA |
| 999 |
_c45363 _d45363 |
||